Smart Hiring At The Next Level : (Record no. 595686)

MARC details
000 -LEADER
fixed length control field 00458nam a2200181 a 4500
008 - FIXED-LENGTH DATA ELEMENTS--GENERAL INFORMATION
fixed length control field 251104s2008##################000#0#eng##
020 ## - INTERNATIONAL STANDARD BOOK NUMBER
ISBN 9788177227857
082 04 - DEWEY DECIMAL CLASSIFICATION NUMBER
Classification number 658.3112
Item number WEN
100 1# - MAIN ENTRY--AUTHOR NAME
Personal name Wendover, Robert W.,
245 10 - TITLE STATEMENT
Title Smart Hiring At The Next Level :
260 ## - PUBLICATION, DISTRIBUTION, ETC. (IMPRINT)
Name of publisher John Wiley & Sons,
Year of publication 2008.
300 ## - PHYSICAL DESCRIPTION
Number of Pages 276 pages
942 ## - ADDED ENTRY ELEMENTS (KOHA)
Koha item type English Books
Holdings
Withdrawn status Lost status Damaged status Not for loan Home library Current library Shelving location Date acquired Full call number Accession Number Price effective from Koha item type
        Anna Centenary Library Anna Centenary Library 6TH FLOOR, A WING 04.11.2025 658.3112 WEN 125763 04.11.2025 English Books

Find us on the map